Szkoła TVN - Aktorzy - Statystyki

Ogólne statystyki
  • Ten quiz został rozwiązany 388 razy
    359 od ostatniego zresetowania
  • Średni wynik to 10 z 17
Statystyki odpowiedzi
Rola: Nauczyciel: % Poprawnych
Biologia Barbara Gruszka
89%
WF Tomasz Dudziak
84%
Informatyka Karina Kłosek
81%
Dyrektor Stanisław Chlebowski
79%
Matematyka Teresa Kremer
78%
Język polski Jolanta Żabińska
76%
Język angielski Anna Turczyn
70%
Chemia Alicja Stańko
69%
Fizyka Andrzej Lesicki
66%
Geografia Maria Borkowska
65%
Historia Zbigniew Małek
62%
Język niemiecki Dominik Huber
44%
Informatyka Piotr Gądek
42%
Woźna pani Jadzia
40%
Język francuski Patrice Nieckowski
37%
Język polski Marta Kopanowska
19%
Higienistka Ewa Janowska
10%
Nie znaleziono quizów pasujących do podanych kryteriów
Rozkład punktacji
Procent ludzi z każdym wynikiem
Percentyl według liczby udzielonych odpowiedzi
Twoja historia wyników
Nie rozwiązałeś tego quizu od ostatniego zresetowania